LEADER 00715nam0-22002771i-450 001 990001694640403321 005 20190529131328.0 035 $a000169464 035 $aFED01000169464 035 $a(Aleph)000169464FED01 035 $a000169464 100 $a20030910d1889----km-y0itay50------ba 101 0 $aita 200 1 $aAncora sulla Quercia Fragno$fA. Longo 210 $aPavia$cs.e.$d1889 215 $a8 p.$d25 cm 610 0 $aQuercus 676 $a634.972 1 700 1$aLongo,$bA.$0354615 801 0$aIT$bUNINA$gRICA$2UNIMARC 901 $aLG 912 $a990001694640403321 952 $a60 OP. 29/28$b38453$fFAGBC 959 $aFAGBC 996 $aAncora sulla Quercia Fragno$9360733 997 $aUNINA LEADER 02359nas 22006853a 450 001 996215994903316 005 20240111213018.0 011 $a2165-820X 035 $a(OCoLC)60624459 035 $a(CKB)110992357279796 035 $a(CONSER)--2012201128 035 $a(EXLCZ)99110992357279796 100 $a20050614b19781990 --- a 101 0 $aeng 135 $aurun||||||||| 181 $ctxt$2rdacontent 182 $cc$2rdamedia 183 $acr$2rdacarrier 200 10$aCurrent issues and research in advertising 210 $aAnn Arbor, Mich. $cDivision of Research, Graduate School of Business Administration, University of Michigan 215 $a1 online resource 300 $aRefereed/Peer-reviewed 311 $a0163-3392 517 1 $aCurrent issues & research in advertising 531 $aCURRENT ISSUES & RESEARCH IN ADVERTISING 606 $aComparative advertising$vPeriodicals 606 $aAdvertising$zUnited States$vPeriodicals 606 $aAdvertising$xResearch$vPeriodicals 606 $aPublicité comparative$vPériodiques 606 $aPublicité$zÉtats-Unis$vPériodiques 606 $aPublicité$xRecherche$vPériodiques 606 $aAdvertising$2fast$3(OCoLC)fst00797511 606 $aAdvertising$xResearch$2fast$3(OCoLC)fst00797745 606 $aComparative advertising$2fast$3(OCoLC)fst01430116 606 $aReclame$2gtt 606 $aAdvertenties$2gtt 607 $aUnited States$2fast$1https://id.oclc.org/worldcat/entity/E39PBJtxgQXMWqmjMjjwXRHgrq 608 $aPeriodical 608 $aperiodicals.$2aat 608 $aPeriodicals.$2fast 608 $aPeriodicals.$2lcgft 608 $aPériodiques.$2rvmgf 610 $aAdvertising 615 0$aComparative advertising 615 0$aAdvertising 615 0$aAdvertising$xResearch 615 6$aPublicité comparative 615 6$aPublicité 615 6$aPublicité$xRecherche 615 7$aAdvertising. 615 7$aAdvertising$xResearch. 615 7$aComparative advertising. 615 17$aReclame. 615 17$aAdvertenties. 676 $a659.1 712 02$aUniversity of Michigan.$bGraduate School of Business Administration.$bDivision of Research, 906 $aJOURNAL 912 $a996215994903316 996 $aCurrent issues and research in advertising$92555422 997 $aUNISA